000 00258nam a22001217a 4500
008 180927b xxu||||| |||| 00| 0 eng d
041 _aeng
080 _a541
100 _a10
101 _akim
245 _aChemistry Problems
_cNoble.B
942 _2udc
_cBK
999 _c48592
_d48592